[Event "Mumbai Mayors Cup 1st"]
[Site "Mumbai"]
[Date "2008.05.19"]
[Round "11"]
[White "Sai, Krishna GV"]
[Black "Sharma, R Preetham"]
[Result "0-1"]
[WhiteElo "2146"]
[BlackElo "2299"]
[PlyCount "68"]
[EventDate "2008.05.11"]
[EventType "swiss"]
[EventRounds "11"]
[EventCountry "IND"]
[SourceTitle "CBM 124 Extra"]
[Source "ChessBase"]
[SourceDate "2008.07.03"]
[SourceVersion "1"]
[SourceVersionDate "2008.07.03"]
[SourceQuality "1"]

1. e4 c5 2. Nf3 d6 3. d4 cxd4 4. Nxd4 Nf6 5. Nc3 g6 6. Be3 Bg7 7. f3 a6 8. Qd2 Nbd7 9. 0-0-0 b5 10. Bh6 Bxh6 11. Qxh6 Bb7 12. Bd3 Qc7 13. Kb1 Nc5 14. Rhe1 0-0-0 15. Nb3 e5 16. Qh4 Qe7 17. Qf2 Kb8 18. Na5 Ba8 19. b4 Qc7 20. Bxb5 axb5 21. Nxb5 Qb6 22. c4 Rd7 23. Qe3 Rhd8 24. Ka1 Qa6 25. bxc5 Qxa5 26. cxd6 Bc6 27. Rd3 Rb7 28. Rb1 Bxb5 29. Ra3 Ba4 30. Rb5 Rxb5 31. cxb5 Rxd6 32. Rc3 Rd1+ 33. Kb2 Qb4+ 34. Rb3 Qd2+ 0-1

[Event "IND-ch Velammal 45th"]
[Site "Chennai"]
[Date "2008.02.11"]
[Round "9"]
[White "Sharma, R Preetham"]
[Black "Karthikeyan, Pandian"]
[Result "1/2-1/2"]
[WhiteElo "2314"]
[BlackElo "2327"]
[PlyCount "21"]
[EventDate "2008.02.03"]
[EventType "swiss"]
[EventRounds "13"]
[EventCountry "IND"]
[SourceTitle "CBM 122 Extra"]
[Source "ChessBase"]
[SourceDate "2008.03.04"]
[SourceVersion "1"]
[SourceVersionDate "2008.03.04"]
[SourceQuality "1"]

1. Nf3 Nf6 2. c4 e6 3. Nc3 d5 4. e3 dxc4 5. Bxc4 a6 6. a4 c5 7. 0-0 Nc6 8. d4 Be7 9. Qe2 cxd4 10. Rd1 e5 11. exd4 1/2-1/2

[Event "IND-ch Velammal 45th"]
[Site "Chennai"]
[Date "2008.02.03"]
[Round "1"]
[White "Arun Prasad, Subramanian"]
[Black "Sharma, R Preetham"]
[Result "1-0"]
[WhiteElo "2423"]
[BlackElo "2314"]
[PlyCount "155"]
[EventDate "2008.02.03"]
[EventType "swiss"]
[EventRounds "13"]
[EventCountry "IND"]
[SourceTitle "CBM 122 Extra"]
[Source "ChessBase"]
[SourceDate "2008.03.04"]
[SourceVersion "1"]
[SourceVersionDate "2008.03.04"]
[SourceQuality "1"]

1. d4 f5 2. g3 Nf6 3. Bg2 d6 4. Nf3 g6 5. 0-0 Bg7 6. b3 0-0 7. Bb2 Qe8 8. c4 h6 9. Qc2 g5 10. Nbd2 c6 11. e4 fxe4 12. Nxe4 Nxe4 13. Qxe4 Bf5 14. Qe3 Na6 15. Bc3 Qd7 16. Rfe1 Rf7 17. d5 Bxc3 18. Qxc3 c5 19. Nd2 b5 20. Re6 b4 21. Qb2 Rh7 22. Re3 Nc7 23. Rae1 Rf8 24. Be4 Rff7 25. R1e2 a5 26. a3 Rhg7 27. axb4 axb4 28. Qa1 h5 29. f3 Bh3 30. Qb1 Kf8 31. Bg6 Bf5 32. Bxf5 Qxf5 33. Qxf5 Rxf5 34. Re1 Ne8 35. Ra1 Nf6 36. Ra8+ Kf7 37. Ra7 Ke8 38. Re6 Kf8 39. Kg2 Rf7 40. Rc7 Ke8 41. Rc8+ Kd7 42. Ra8 Ne8 43. Rh6 Nc7 44. Ra7 g4 45. f4 R7f6 46. Rxf6 Rxf6 47. Ne4 Rf8 48. h3 Ra8 49. Rxa8 Nxa8 50. hxg4 hxg4 51. f5 Nb6 52. Kf2 Ke8 53. Ke3 Nd7 54. Kf4 Ne5 55. Nxc5 Nxc4 56. Nd3 Nd2 57. Nxb4 Nxb3 58. Kxg4 Kf7 59. Kf4 Nc1 60. g4 Ne2+ 61. Ke3 Nc3 62. g5 Kf8 63. Kd3 Nd1 64. Ke2 Nc3+ 65. Kf3 Kf7 66. Kf4 Kg7 67. Kg4 Kf7 68. Kh5 Kg7 69. Nc6 Kf8 70. Kh6 Nxd5 71. Kh7 Ke8 72. Nd4 Kd7 73. Kh8 Ke8 74. Ne6 Kd7 75. g6 Nf6 76. g7 d5 77. Nf4 d4 78. Nd5 1-0

[Event "Commonwealth-ch"]
[Site "New Delhi"]
[Date "2007.12.06"]
[Round "6"]
[White "Sharma, R Preetham"]
[Black "Girish, A Koushnik"]
[Result "1-0"]
[WhiteElo "2314"]
[BlackElo "2086"]
[PlyCount "223"]
[EventDate "2007.12.03"]
[EventType "swiss"]
[EventRounds "10"]
[EventCountry "IND"]
[SourceTitle "CBM 121 Extra"]
[Source "ChessBase"]
[SourceDate "2008.01.10"]
[SourceVersion "1"]
[SourceVersionDate "2008.01.10"]
[SourceQuality "1"]

1. Nf3 Nf6 2. c4 g6 3. Nc3 d5 4. Qa4+ Bd7 5. Qb3 dxc4 6. Qxc4 Bg7 7. e4 0-0 8. e5 Ne8 9. Be2 c6 10. Qh4 Nc7 11. d4 f6 12. 0-0 Nba6 13. a3 Nd5 14. Nxd5 cxd5 15. Bd2 Nc7 16. exf6 exf6 17. Qg3 Bb5 18. Bxb5 Nxb5 19. Bb4 Re8 20. a4 Nc7 21. h4 Na6 22. Bd2 Qd7 23. Bc3 Qc7 24. Qxc7 Nxc7 25. Ra3 Kf7 26. Rb3 Rab8 27. Rc1 Ne6 28. Bd2 Bf8 29. g3 Red8 30. Be3 Rd7 31. Nd2 Be7 32. Kf1 Bf8 33. Ke2 Be7 34. Kd3 Bf8 35. Nb1 Be7 36. Nc3 Bf8 37. Rb5 Rbd8 38. Ne2 h5 39. Rc3 b6 40. Rbb3 Bd6 41. Rc1 Rc7 42. Rxc7+ Bxc7 43. Rc3 Ke7 44. Rc1 Bd6 45. f3 Kd7 46. Bf2 Rc8 47. Rh1 Ke7 48. Nc3 Nc7 49. g4 Kf7 50. Be3 Re8 51. Rc1 Rh8 52. Bf2 Re8 53. Rg1 Rh8 54. Rg2 Rh7 55. Ke2 Rh8 56. Kf1 Re8 57. Rg1 Re6 58. Kg2 Re8 59. Rc1 Bf4 60. Rc2 Bd6 61. Rc1 Bf4 62. Rd1 Bd6 63. Ra1 Re7 64. Kf1 Re8 65. Rb1 Re7 66. b4 Re8 67. b5 Re7 68. Rc1 Re8 69. Rc2 Re7 70. Kg2 Re8 71. Ra2 Bb4 72. Ne2 Bd6 73. Rc2 Ne6 74. Bg3 Bxg3 75. Kxg3 Ke7 76. Rc6 Kd7 77. Nf4 Nxf4 78. Kxf4 Re6 79. gxh5 gxh5 80. Rc1 Re2 81. Rg1 Ke6 82. Rg7 Rd2 83. Ke3 Ra2 84. Rxa7 Kf5 85. Ra6 Ra3+ 86. Kd2 Rxf3 87. Rxb6 Rf4 88. Kc3 Rxh4 89. a5 Rh1 90. a6 Ra1 91. Rd6 h4 92. Rxd5+ Kg6 93. Rd8 Kg7 94. Re8 f5 95. d5 f4 96. Re4 f3 97. Rxh4 f2 98. Rf4 f1Q 99. Rxf1 Rxf1 100. b6 Rb1 101. a7 Ra1 102. b7 Rxa7 103. b8Q Rd7 104. Kd4 Kf7 105. Qe5 Re7 106. Qf5+ Ke8 107. d6 Rd7 108. Qe6+ Kf8 109. Qxd7 Kg8 110. Ke5 Kh8 111. Kf6 Kg8 112. Qg7# 1-0

[Event "Commonwealth-ch"]
[Site "New Delhi"]
[Date "2007.12.05"]
[Round "5"]
[White "Rohit, Gogineni"]
[Black "Sharma, R Preetham"]
[Result "1-0"]
[WhiteElo "2491"]
[BlackElo "2314"]
[PlyCount "153"]
[EventDate "2007.12.03"]
[EventType "swiss"]
[EventRounds "10"]
[EventCountry "IND"]
[SourceTitle "CBM 121 Extra"]
[Source "ChessBase"]
[SourceDate "2008.01.10"]
[SourceVersion "1"]
[SourceVersionDate "2008.01.10"]
[SourceQuality "1"]

1. e4 c5 2. Nf3 d6 3. c3 Nf6 4. Be2 Bd7 5. d3 g6 6. 0-0 Bg7 7. Re1 0-0 8. Nbd2 Nc6 9. Bf1 e5 10. a3 a5 11. a4 Qc7 12. Nc4 h6 13. g3 d5 14. exd5 Nxd5 15. Nfd2 Be6 16. Qb3 Rab8 17. Bg2 Rfd8 18. Qd1 b6 19. Qe2 Re8 20. Na3 Rbd8 21. Ndc4 Kh7 22. Nb5 Qb8 23. Ra3 f5 24. h4 Na7 25. Bd2 Nxb5 26. axb5 Bf7 27. Raa1 Nf6 28. Rad1 Nd5 29. Qf3 Nf6 30. Qe2 Nd5 31. Qf3 Qa7 32. h5 Qd7 33. hxg6+ Bxg6 34. Qxd5 Qxd5 35. Bxd5 Rxd5 36. Nxb6 Rxd3 37. Be3 f4 38. gxf4 exf4 39. Bxf4 Rxd1 40. Rxd1 Bh5 41. Rd2 Bf3 42. Kh2 Re6 43. Rd6 Re4 44. Kg3 Be2 45. c4 h5 46. Nd5 Bxc4 47. b6 h4+ 48. Kf3 Bxd5 49. Rxd5 Rb4 50. Rxc5 Rxb6 51. Rxa5 Bxb2 52. Rh5+ Kg8 53. Rxh4 Rb3+ 54. Kg4 Rb4 55. Kf5 Rb5+ 56. Ke6 Rb6+ 57. Kf5 Rb5+ 58. Kg4 Rb4 59. Kg3 Rb3+ 60. f3 Bf6 61. Rh2 Kf7 62. Rh5 Kg6 63. Ra5 Rb1 64. Be3 Rb3 65. Bc5 Rd3 66. Ba7 Rd1 67. Rb5 Ra1 68. Bb8 Ra2 69. Bf4 Rb2 70. Ra5 Rb1 71. Be3 Rb3 72. Bf2 Rb2 73. Ra6 Rb5 74. Bd4 Rf5 75. Rxf6+ Rxf6 76. Bxf6 Kxf6 77. Kf4 1-0

[Event "IND Railways-ch"]
[Site "Chennai"]
[Date "2006.07.31"]
[Round "9"]
[White "Vinod, R Sharna"]
[Black "Sharma, R Preetham"]
[Result "0-1"]
[WhiteElo "2226"]
[BlackElo "2326"]
[PlyCount "112"]
[EventDate "2006.07.27"]
[EventType "tourn"]
[EventRounds "9"]
[EventCountry "IND"]
[SourceTitle "EXT 2010"]
[Source "ChessBase"]
[SourceDate "2010.11.25"]
[SourceVersion "1"]
[SourceVersionDate "2010.11.25"]
[SourceQuality "1"]

1. e4 c5 2. Nf3 d6 3. d4 cxd4 4. c3 dxc3 5. Nxc3 Nc6 6. Bc4 a6 7. 0-0 Nf6 8. Qe2 Bg4 9. Rd1 e6 10. Bf4 Qb8 11. h3 Bxf3 12. Qxf3 Be7 13. Qg3 Nh5 14. Bxd6 Nxg3 15. Bxb8 Nxe4 16. Nxe4 Rxb8 17. Rac1 Rc8 18. Be2 f5 19. Ng3 Bf6 20. Bc4 Ke7 21. Re1 Nd4 22. Ne2 Rc6 23. Nxd4 Bxd4 24. Bd3 Rxc1 25. Rxc1 Kd6 26. Kf1 g6 27. Ke2 Rd8 28. Rc2 e5 29. f3 Re8 30. Rd2 Kd5 31. Bc2 e4 32. Bb3+ Kc5 33. Rc2+ Kd6 34. Rd2 exf3+ 35. Kxf3 Re3+ 36. Kf4 Re4+ 37. Kf3 Ke5 38. Re2 Rxe2 39. Kxe2 Bxb2 40. Kf3 b5 41. g4 Bc1 42. Bc2 Bg5 43. Bb3 Be7 44. Bf7 f4 45. Be8 g5 46. Ke2 Kd4 47. Bc6 Kc3 48. Bb7 a5 49. Ba6 b4 50. Bb5 Kb2 51. Bc4 a4 52. h4 gxh4 53. Kf3 Bg5 54. Bg8 h6 55. Bf7 b3 56. axb3 axb3 0-1

[Event "Tamil Nadu State-ch 54th"]
[Site "Chennai"]
[Date "2006.05.29"]
[Round "10"]
[White "Maheswaran, Palsamy"]
[Black "Sharma, R Preetham"]
[Result "1/2-1/2"]
[WhiteElo "2227"]
[BlackElo "2374"]
[PlyCount "128"]
[EventDate "2006.05.20"]
[EventType "swiss"]
[EventRounds "11"]
[EventCountry "IND"]
[SourceTitle "EXT 2010"]
[Source "ChessBase"]
[SourceDate "2010.11.25"]
[SourceVersion "1"]
[SourceVersionDate "2010.11.25"]
[SourceQuality "1"]

1. d4 f5 2. g3 Nf6 3. Bg2 d6 4. c4 g6 5. Nf3 Bg7 6. 0-0 0-0 7. Nc3 Qe8 8. Nd5 Nxd5 9. cxd5 Nd7 10. Qc2 Qd8 11. Be3 Nf6 12. Qb3 h6 13. Rac1 Kh7 14. Bd2 e6 15. dxe6 c6 16. Bc3 Qe7 17. d5 Nxd5 18. Bxg7 Qxg7 19. Qa3 Rd8 20. Rfd1 Bxe6 21. Nd4 Bg8 22. h4 Nf6 23. e3 d5 24. b4 Qe7 25. Qb2 Rac8 26. Rc2 Be6 27. a4 Bd7 28. a5 Ng4 29. Qc3 Ne5 30. Qc5 Qxc5 31. bxc5 Rc7 32. Bf1 Kg7 33. Rb1 Bc8 34. a6 bxa6 35. Ra2 Kf6 36. Bxa6 Nd7 37. Bxc8 Rdxc8 38. Ra5 Rb8 39. Rba1 Rbb7 40. Kf1 Nb8 41. R1a2 a6 42. Ra1 Rb2 43. R5a2 Rcb7 44. Rxb2 Rxb2 45. Nxc6 Nd7 46. Rxa6 Nxc5 47. Ra5 Ne4 48. Rxd5 Rxf2+ 49. Kg1 Rf3 50. Nd4 Rxe3 51. h5 Rxg3+ 52. Kh2 Rg5 53. hxg6 Kxg6 54. Re5 Ng3 55. Nf3 Nf1+ 56. Kh1 Rg4 57. Re6+ Kh5 58. Rf6 Ne3 59. Kh2 Rg6 60. Rf8 Nf1+ 61. Kh1 Ng3+ 62. Kh2 Rg4 63. Rf6 f4 64. Kh3 Ne4 1/2-1/2

[Event "Hyderabad op 1st"]
[Site "Hyderabad"]
[Date "2006.03.01"]
[Round "6"]
[White "Shyam, Sundar M"]
[Black "Sharma, R Preetham"]
[Result "1-0"]
[WhiteElo "2136"]
[BlackElo "2356"]
[PlyCount "41"]
[EventDate "2006.02.25"]
[EventType "swiss"]
[EventRounds "10"]
[EventCountry "IND"]
[SourceTitle "CBM 111 Extra"]
[Source "ChessBase"]
[SourceDate "2006.05.09"]
[SourceVersion "1"]
[SourceVersionDate "2006.05.09"]
[SourceQuality "1"]

1. e4 c5 2. Nc3 Nc6 3. f4 g6 4. Nf3 Bg7 5. Bc4 e6 6. d3 Nge7 7. 0-0 0-0 8. Qe1 d5 9. Bb3 Nd4 10. Nxd4 cxd4 11. Ne2 dxe4 12. dxe4 e5 13. fxe5 Nc6 14. Nf4 Nxe5 15. Qg3 b5 16. Bd5 Rb8 17. Nh5 Qd6 18. Nxg7 Kxg7 19. Qh4 h5 20. Rf6 Qc5 21. Qf4 1-0

[Event "Hyderabad op 1st"]
[Site "Hyderabad"]
[Date "2006.02.28"]
[Round "4"]
[White "Fominyh, Alexander"]
[Black "Sharma, R Preetham"]
[Result "1-0"]
[WhiteElo "2518"]
[BlackElo "2356"]
[PlyCount "109"]
[EventDate "2006.02.25"]
[EventType "swiss"]
[EventRounds "10"]
[EventCountry "IND"]
[SourceTitle "CBM 111 Extra"]
[Source "ChessBase"]
[SourceDate "2006.05.09"]
[SourceVersion "1"]
[SourceVersionDate "2006.05.09"]
[SourceQuality "1"]

1. d4 d5 2. Nf3 e6 3. c4 c6 4. Qc2 f5 5. Bg5 Nf6 6. e3 Bd6 7. Bd3 0-0 8. Nc3 Qe8 9. Bf4 Qe7 10. Bxd6 Qxd6 11. cxd5 Nxd5 12. a3 b6 13. 0-0 Bb7 14. Rac1 g6 15. Rfd1 Nd7 16. Be2 Qe7 17. Qa4 Rfc8 18. Ba6 b5 19. Qa5 Bxa6 20. Nxd5 exd5 21. Qxa6 Qd6 22. Rc2 Rc7 23. Rdc1 Rac8 24. g3 Kf8 25. Kg2 Ke7 26. Qa5 Rb7 27. Qa6 Rbc7 28. h3 Kf8 29. b3 Ke7 30. Ne1 b4 31. axb4 Qxb4 32. Rc3 Qd6 33. Nd3 c5 34. Qb5 a6 35. Qa5 c4 36. Nf4 Nf6 37. h4 Rc6 38. bxc4 dxc4 39. f3 Kf8 40. d5 Rb6 41. Rxc4 Rxc4 42. Rxc4 Kg7 43. Qc3 Kf7 44. Rc6 Rxc6 45. dxc6 Ne8 46. Qc4+ Kf8 47. c7 Nxc7 48. Qxc7 Qd2+ 49. Kf1 Qxe3 50. Qd6+ Kg7 51. Kg2 Qa7 52. Qe5+ Kg8 53. Nd5 a5 54. Nf6+ Kg7 55. Ng4+ 1-0

[Event "Piloo Mody op"]
[Site "Lucknow"]
[Date "2004.10.04"]
[Round "4"]
[White "Sharma, Dinesh Kumar"]
[Black "Sharma, R Preetham"]
[Result "1/2-1/2"]
[WhiteElo "2368"]
[BlackElo "2354"]
[PlyCount "45"]
[EventDate "2004.10.01"]
[EventType "swiss"]
[EventRounds "9"]
[EventCountry "IND"]
[SourceTitle "CBM 102 Extra"]
[Source "ChessBase"]
[SourceDate "2004.11.03"]
[SourceVersion "1"]
[SourceVersionDate "2004.11.03"]
[SourceQuality "1"]

1. e4 c5 2. Nf3 d6 3. d4 cxd4 4. Nxd4 Nf6 5. Nc3 g6 6. Be3 Bg7 7. f3 0-0 8. Qd2 Nc6 9. Bc4 Bd7 10. 0-0-0 Ne5 11. Bb3 b5 12. Ndxb5 Qb8 13. Nd4 Rc8 14. g4 e6 15. h4 a5 16. a4 Nxf3 17. Nxf3 Nxe4 18. Nxe4 Qxb3 19. Nc3 Qb7 20. Nd4 Qb4 21. Kb1 Rab8 22. Nb3 Bxc3 23. bxc3 1/2-1/2

[Event "Pune op"]
[Site "Pune"]
[Date "2004.09.09"]
[Round "7"]
[White "Sharma, R Preetham"]
[Black "Safin, Shukhrat"]
[Result "0-1"]
[WhiteElo "2354"]
[BlackElo "2466"]
[PlyCount "75"]
[EventDate "2004.09.03"]
[EventType "swiss"]
[EventRounds "10"]
[EventCountry "IND"]
[SourceTitle "CBM 102 Extra"]
[Source "ChessBase"]
[SourceDate "2004.11.03"]
[SourceVersion "1"]
[SourceVersionDate "2004.11.03"]
[SourceQuality "1"]

1. Nf3 d5 2. g3 Bg4 3. Bg2 c6 4. d3 Nf6 5. b3 Nbd7 6. Bb2 e6 7. Nbd2 Bd6 8. 0-0 0-0 9. h3 Bh5 10. Qe1 e5 11. e4 Re8 12. Nh4 Qc7 13. Bf3 Bxf3 14. Nhxf3 b5 15. Qe2 a5 16. a3 d4 17. Rfc1 Qb7 18. c3 c5 19. Rab1 Nb6 20. Ne1 Qe7 21. c4 bxc4 22. Nxc4 Nxc4 23. bxc4 Rab8 24. Ba1 Qd7 25. Kg2 Qa4 26. Qa2 Nd7 27. Nc2 Be7 28. Rxb8 Rxb8 29. Rb1 g5 30. Rxb8+ Nxb8 31. Qb1 Nd7 32. Kf1 h5 33. Ke2 h4 34. f4 Nf8 35. Bb2 Qb3 36. Na1 Qb7 37. Qc2 Qd7 38. g4 0-1

[Event "Commonwealth-ch"]
[Site "Mumbai"]
[Date "2003.04.22"]
[Round "4"]
[White "Sharma, R Preetham"]
[Black "Soumitra, Majumdar"]
[Result "1-0"]
[WhiteElo "2352"]
[BlackElo "2142"]
[PlyCount "85"]
[EventDate "2003.04.20"]
[EventType "swiss"]
[EventRounds "10"]
[EventCountry "IND"]
[SourceTitle "CBM 093 Extra"]
[Source "ChessBase"]
[SourceDate "2003.05.09"]
[SourceVersion "1"]
[SourceVersionDate "2003.05.09"]
[SourceQuality "1"]

1. Nf3 Nf6 2. c4 e6 3. b3 d5 4. Bb2 Be7 5. g3 0-0 6. Bg2 b6 7. 0-0 Bb7 8. e3 Nbd7 9. Nc3 dxc4 10. bxc4 Nc5 11. d4 Nce4 12. Qa4 Nxc3 13. Bxc3 Ne4 14. Bb2 f6 15. Rfd1 Qd6 16. Qc2 Rab8 17. Rac1 Qd7 18. Ne1 Ng5 19. f3 Bb4 20. Qe2 Qa4 21. Nd3 Be7 22. e4 Rfd8 23. f4 Nf7 24. Bh3 e5 25. fxe5 Ng5 26. Bg2 fxe5 27. Nxe5 a5 28. Kh1 Qxa2 29. Ra1 Qb3 30. Rdb1 Qb4 31. Ba3 Qxb1+ 32. Rxb1 Bxa3 33. h4 Ne6 34. d5 Nf8 35. Qf3 Bd6 36. Nd3 Nd7 37. Qf5 Bc8 38. Qg5 Re8 39. Bh3 Ne5 40. Nxe5 Bxe5 41. Be6+ Bxe6 42. Qxe5 Bg4 43. Qf4 1-0

[Event "Asia-ch U26"]
[Site "Negombo"]
[Date "2003.??.??"]
[Round "?"]
[White "Athukorala, Anuradha B"]
[Black "Sharma, R Preetham"]
[Result "0-1"]
[WhiteElo "2125"]
[BlackElo "2335"]
[PlyCount "44"]
[EventDate "2003.07.??"]
[EventType "swiss"]
[EventRounds "7"]
[EventCountry "SRI"]
[SourceTitle "EXT 2007"]
[Source "ChessBase"]
[SourceDate "2006.11.23"]
[SourceVersion "1"]
[SourceVersionDate "2006.11.23"]
[SourceQuality "1"]

1. Nf3 d6 2. d4 f5 3. g3 Nf6 4. Bg2 g6 5. 0-0 Bg7 6. c3 0-0 7. Re1 Qe8 8. Ng5 e6 9. Qb3 d5 10. Bf4 Qe7 11. Na3 h6 12. Nh3 c6 13. c4 g5 14. Be5 Nbd7 15. f4 Nxe5 16. fxe5 Ng4 17. cxd5 exd5 18. e4 fxe4 19. Bxe4 Nxe5 20. Bg2 Bxh3 21. dxe5 Bxg2 22. Kxg2 Rf5 0-1

[Event "Asia-ch U26"]
[Site "Negombo"]
[Date "2003.??.??"]
[Round "?"]
[White "Sharma, R Preetham"]
[Black "Mehdi, Hasan Parag"]
[Result "0-1"]
[WhiteElo "2342"]
[BlackElo "2218"]
[PlyCount "74"]
[EventDate "2003.07.??"]
[EventType "swiss"]
[EventRounds "7"]
[EventCountry "SRI"]
[SourceTitle "EXT 2007"]
[Source "ChessBase"]
[SourceDate "2006.11.23"]
[SourceVersion "1"]
[SourceVersionDate "2006.11.23"]
[SourceQuality "1"]

1. Nf3 d5 2. g3 c5 3. Bg2 Nc6 4. 0-0 e5 5. d3 Be7 6. Nbd2 Nf6 7. e4 0-0 8. Qe2 d4 9. Nh4 Ne8 10. Nf5 Nd6 11. Nc4 Nxc4 12. dxc4 Kh8 13. f4 Bf6 14. Kh1 Re8 15. Qf2 Bxf5 16. exf5 e4 17. g4 Bh4 18. Qe2 d3 19. Qe3 Nd4 20. cxd3 Nc2 21. Qxc5 e3 22. Bxe3 Nxe3 23. Rf3 Nxg2 24. Kxg2 Re2+ 25. Kh3 Bf6 26. Rb1 Bd4 27. Qb5 b6 28. a4 Qd6 29. g5 h6 30. f6 g6 31. Kg3 hxg5 32. Qxg5 Qxf6 33. Qh6+ Kg8 34. b4 Rae8 35. h4 Ra2 36. Rh1 Ree2 37. Qg5 Rg2+ 0-1

[Event "Wch U20 41st"]
[Site "Goa"]
[Date "2002.12.15"]
[Round "8"]
[White "Sharma, R Preetham"]
[Black "Carlsson, Pontus"]
[Result "1/2-1/2"]
[WhiteElo "2311"]
[BlackElo "2376"]
[PlyCount "133"]
[EventDate "2002.12.09"]
[EventType "swiss"]
[EventRounds "13"]
[EventCountry "IND"]
[SourceTitle "CBM 091 Extra"]
[Source "ChessBase"]
[SourceDate "2003.01.09"]
[SourceVersion "1"]
[SourceVersionDate "2003.01.09"]
[SourceQuality "1"]

1. Nf3 c5 2. c4 Nf6 3. g3 b6 4. Bg2 Bb7 5. 0-0 g6 6. Nc3 Bg7 7. d4 cxd4 8. Qxd4 d6 9. Rd1 Nbd7 10. Rb1 0-0 11. Qh4 Rc8 12. b3 Rc5 13. Bb2 Rh5 14. Qf4 Qa8 15. Ne1 Nc5 16. Bxb7 Qxb7 17. Qf3 Qd7 18. Nd5 Rf5 19. Nxf6+ Bxf6 20. Qg2 Qe6 21. Bxf6 Rxf6 22. Rb2 g5 23. Rd5 Rf5 24. Rxf5 Qxf5 25. Qd5 Qxd5 26. cxd5 Ne4 27. f3 Nf6 28. e4 e6 29. dxe6 fxe6 30. h3 h5 31. Re2 g4 32. e5 dxe5 33. Rxe5 Kf7 34. Nd3 Rd8 35. Nf4 gxf3 36. Kf2 Rd2+ 37. Kxf3 Rxa2 38. Nxh5 Rb2 39. Nf4 Rxb3+ 40. Kf2 Rb2+ 41. Kf3 Rb3+ 42. Kf2 a5 43. Nxe6 a4 44. Nd4 Rb2+ 45. Kf3 a3 46. Re3 a2 47. Ra3 b5 48. Ra7+ Kg6 49. Nxb5 Rb3+ 50. Kg2 Rb2+ 51. Kf3 Rxb5 52. Rxa2 Rb3+ 53. Kg2 Ne4 54. Ra6+ Kf5 55. Ra5+ Kf6 56. Ra6+ Ke5 57. Rg6 Kf5 58. Rg8 Rb2+ 59. Kf3 Ng5+ 60. Ke3 Rb3+ 61. Kd4 Rxg3 62. Rf8+ Kg6 63. Ra8 Kf6 64. Rf8+ Ke7 65. Ra8 Rxh3 66. Ke5 Nf7+ 67. Kd5 1/2-1/2

[Event "Wch U20 41st"]
[Site "Goa"]
[Date "2002.12.13"]
[Round "7"]
[White "Perez Candelario, Manuel"]
[Black "Sharma, R Preetham"]
[Result "1/2-1/2"]
[WhiteElo "2408"]
[BlackElo "2311"]
[PlyCount "41"]
[EventDate "2002.12.09"]
[EventType "swiss"]
[EventRounds "13"]
[EventCountry "IND"]
[SourceTitle "CBM 091 Extra"]
[Source "ChessBase"]
[SourceDate "2003.01.09"]
[SourceVersion "1"]
[SourceVersionDate "2003.01.09"]
[SourceQuality "1"]

1. c4 f5 2. Nc3 Nf6 3. g3 d6 4. Bg2 g6 5. Nf3 Bg7 6. 0-0 0-0 7. d3 h6 8. Rb1 e5 9. b4 Nc6 10. b5 Ne7 11. Qb3 Be6 12. Nd2 Qc8 13. Ba3 g5 14. Rbc1 Kh8 15. Nd5 Rf7 16. Nb1 f4 17. Nbc3 Nf5 18. Qd1 Nd7 19. Ne4 Qd8 20. Bb2 Nf8 21. Nb4 1/2-1/2

[Event "Wch U20 41st"]
[Site "Goa"]
[Date "2002.12.12"]
[Round "6"]
[White "Sharma, R Preetham"]
[Black "Bar, Roman"]
[Result "1/2-1/2"]
[WhiteElo "2311"]
[BlackElo "2413"]
[PlyCount "77"]
[EventDate "2002.12.09"]
[EventType "swiss"]
[EventRounds "13"]
[EventCountry "IND"]
[SourceTitle "CBM 091 Extra"]
[Source "ChessBase"]
[SourceDate "2003.01.09"]
[SourceVersion "1"]
[SourceVersionDate "2003.01.09"]
[SourceQuality "1"]

1. Nf3 Nf6 2. g3 b6 3. Bg2 Bb7 4. c4 c5 5. Nc3 e6 6. 0-0 Be7 7. Re1 d5 8. cxd5 Nxd5 9. e4 Nxc3 10. bxc3 0-0 11. d4 cxd4 12. cxd4 Nc6 13. Bb2 Bf6 14. Qe2 Nxd4 15. Bxd4 Bxd4 16. Rad1 e5 17. Nxd4 exd4 18. Qb2 Qe7 19. Rxd4 Rfe8 20. Red1 Bc6 21. h3 Qb7 22. f3 h6 23. Kh2 Re7 24. Rd6 Rd7 25. Rxd7 Bxd7 26. Qd2 Bc6 27. Bf1 b5 28. Rb1 a6 29. Qd4 Qd7 30. Qxd7 Bxd7 31. f4 Be6 32. Rb2 Rd8 33. f5 Bc4 34. Kg2 Bxf1+ 35. Kxf1 Rd3 36. Kf2 Ra3 37. e5 g6 38. f6 Kf8 39. Rc2 1/2-1/2

[Event "IND-ch U25"]
[Site "India"]
[Date "2000.12.29"]
[Round "7"]
[White "Laxman, Rajaram"]
[Black "Sharma, R Preetham"]
[Result "1-0"]
[WhiteElo "2263"]
[BlackElo "2193"]
[PlyCount "87"]
[EventDate "2000.12.??"]
[EventType "swiss"]
[EventRounds "9"]
[EventCountry "IND"]
[SourceTitle "EXT 2006"]
[Source "ChessBase"]
[SourceDate "2005.11.24"]
[SourceVersion "1"]
[SourceVersionDate "2005.11.24"]
[SourceQuality "1"]

1. d4 f5 2. g3 Nf6 3. Bg2 g6 4. c4 Bg7 5. Nc3 d6 6. d5 0-0 7. Nh3 c6 8. 0-0 Qe8 9. Rb1 Na6 10. b4 Bd7 11. Qb3 Kh8 12. Rd1 Rc8 13. Bb2 h6 14. f3 g5 15. Nf2 Qg6 16. Rbc1 h5 17. e4 h4 18. exf5 Bxf5 19. g4 Bd7 20. Ne2 Nc7 21. dxc6 bxc6 22. Qd3 Qf7 23. Bd4 a6 24. Nh3 Nh7 25. Qxh7+ Kxh7 26. Nxg5+ Kg8 27. Nxf7 Rxf7 28. Bxg7 Kxg7 29. h3 Ne6 30. Kf2 c5 31. a3 Bc6 32. Rc3 Rcf8 33. Re3 Rf6 34. Re1 R8f7 35. b5 Bb7 36. b6 Kf8 37. Nc3 Nd4 38. Nd5 Rh6 39. Rxe7 Rxe7 40. Rxe7 Bxd5 41. b7 Bxb7 42. Rxb7 Re6 43. Rb2 Rf6 44. Rb8+ 1-0